Normal view
MARC view
Entry Personal Name
001 - CONTROL NUMBER
- control field: 520124
003 - CONTROL NUMBER IDENTIFIER
- control field: OSt
005 - DATE AND TIME OF LATEST TRANSACTION
- control field: 20220930061956.0
008 - FIXED-LENGTH DATA ELEMENTS
- fixed length control field: 220930|| aca||aabn | a|a d
040 ## - CATALOGING SOURCE
- Original cataloging agency: OSt
- Transcribing agency: OSt
100 ## - HEADING--PERSONAL NAME
- Personal name: Prof Daleep Singh Supervisor
670 ## - SOURCE DATA FOUND
- Source citation: Work cat.: (OSt)854882: Bharadvaja Meena 520123, European imperialism in Africa 1884-1914, 1983
